| 000 | 00525nam a22001577a 4500 | ||
|---|---|---|---|
| 999 |
_c11666 _d11666 |
||
| 008 | 181218b ||||| |||| 00| 0 eng d | ||
| 020 | _a9715422888 | ||
| 082 |
_22001 _aDFil 899.211 _bP53 |
||
| 245 |
_aThe Crab and the Monkey (tagalog)/ _cDamiana Eugenio [Compiler and editor] |
||
| 260 |
_aQuezon City _bUPcPress _cc2001. |
||
| 300 |
_aPage 63-64; _c23 cm |
||
| 500 | _aPhilippine folk literature: the folk tales | ||
| 650 |
_aFolklore _933369 |
||
| 650 |
_aPhilipine Folk literature--Collections _933370 |
||
| 942 |
_2ddc _cDFIL |
||